Central Library OPAC University of Rajshahi

The room upstairs / (Record no. 18537)

MARC details
000 -LEADER
fixed length control field 00641cam a22002411 4500
001 - CONTROL NUMBER
control field 18537
003 - CONTROL NUMBER IDENTIFIER
rucl marc code BD-RjUL
005 - DATE AND TIME OF LATEST TRANSACTION
control field 20211209000311.0
008 - FIXED-LENGTH DATA ELEMENTS--GENERAL INFORMATION
fixed length control field 140220s1966 xx 000 0 eng
035 ## - SYSTEM CONTROL NUMBER
System control number (BD-RjUL)18595
System control number (OCoLC)3463007
040 ## - CATALOGING SOURCE
Original cataloging agency DLC
Transcribing agency AJacT
Modifying agency Uk
-- DLC
-- BD-RjUL
Language of cataloging eng
041 ## - LANGUAGE CODE
Language code of text/sound track or separate title eng
082 ## - DEWEY DECIMAL CLASSIFICATION NUMBER
Classification number 823.9
Author mark and year DIR
100 1# - MAIN ENTRY--PERSONAL NAME
Personal name Dickens, Monica,
Dates associated with a name 1915-1992.
9 (RLIN) 57136
245 14 - TITLE STATEMENT
Title The room upstairs /
Statement of responsibility, etc. Monica Dickens
260 ## - PUBLICATION, DISTRIBUTION, ETC. (IMPRINT)
Place of publication, distribution, etc. London :
Name of publisher, distributor, etc. Heinemann,
Date of publication, distribution, etc. c1966.
300 ## - PHYSICAL DESCRIPTION
Pagination 247 p. ;
Size 22 cm.
650 ## - SUBJECT ADDED ENTRY--TOPICAL TERM
Topical term or geographic name as entry element Literary
9 (RLIN) 57137
942 ## - ADDED ENTRY ELEMENTS (KOHA)
Source of classification or shelving scheme Dewey Decimal Classification
Koha item type Books
Holdings
Lost status Source of classification or shelving scheme Damaged status Not for loan Collection code Permanent Location Current Location Shelving location Date acquired Source of acquisition Cost, normal purchase price Total Checkouts Full call number Date last seen Copy number Koha item type
  Dewey Decimal Classification   Not For Loan Fiction Central Library, University of Rajshahi Central Library, University of Rajshahi Reading Room 15/12/1969 Zeit 25.00   823.9 DIR 1966 20/02/2014 C-1 Books